Statistics for Religions

Click here to take the quiz!

General Stats

  • This quiz has been taken 52 times
    (33 since last reset)
  • The average score is 5 of 8

Answer Stats

Answer% Correct
Islam
100%
Christianity
93%
Buddhism
78%
Hinduism
78%
Judaism
70%
Shinto
56%
Atheist
11%
Daoisim
0%

Score Distribution

Percentile by Number Answered

Percent of People with Each Score

Your Score History

You have not taken this quiz since the last reset